000 00948nam0a22002771 4500
001 RU\NLR\INFOCOMM_165\5000004348
005 20250613093057.0
035 _a(NLR Aleph) 009189655
090 _a8622425
_c8622425
100 _a20100331d1982 |||y0rusy50 ca
101 1 _ager
_crus
102 _aRU
105 _aa ||||000|y
200 1 _aVom Sputnik zu "Saljut"
_e25 Jahre Raumfahrt
_f[Михаил Чернышов]
210 _aΜ.
_cVerl. der Pressagentur "Novosti"
_d1982
215 _a[36] с.
_cил., портр.
_d16×22 см
300 _aВ вып. дан.: От спутника до "Салюта"
300 _aАвт. указан в вып. дан.
686 _aО6
_2rubbk
700 1 _9z01790
_aČernyšov
_bM. F.
_f1939-
_gMichail Fedorovič
_4070
790 1 _9z01700
_aЧернышов
_bМ.
_gМихаил
_4070
801 1 _aRU
_bNLR
_c20100331
801 0 _aRU
_bNLR
_gPSBO
852 _aNLR
_jТ93 Д-6/19
942 _cBOOK
980 _aNB